000 00534nam a22001577a 4500
003 macl
005 20190323120306.0
008 190323b xxu||||| |||| 00| 0 eng d
040 _cmacl
082 _a920/SIN
100 _aसिंह ,सं अमरजीत
_973902
245 _aमै दीनदयाल उपाध्‍याय बोल रहा हूॅ
260 _aदिल्‍ली
_bप्रतिभा प्रतिष्‍ठान
_c2015
650 _aजीवनी
_97943
942 _2ddc
_cHIN
999 _c59081
_d59081